Geoff Brewer of Brewer Consulting looks at the retrospective effect of contracts (Record no. 69000)
[ view plain ]
| 000 -LEADER | |
|---|---|
| fixed length control field | 01507cam a2200241 4500 |
| 001 - CONTROL NUMBER | |
| control field | ABS64752 |
| 008 - FIXED-LENGTH DATA ELEMENTS--GENERAL INFORMATION | |
| fixed length control field | 011204n2001 000 0 eng u |
| 035 ## - SYSTEM CONTROL NUMBER | |
| System control number | (Sirsi) u115831 |
| 100 ## - MAIN ENTRY--PERSONAL NAME | |
| Personal name | Brewer, G. |
| 245 ## - TITLE STATEMENT | |
| Title | Geoff Brewer of Brewer Consulting looks at the retrospective effect of contracts |
| 260 ## - PUBLICATION, DISTRIBUTION, ETC. | |
| Date of publication, distribution, etc. | 2001 |
| 490 ## - SERIES STATEMENT | |
| Series statement | Contract Journal |
| Volume/sequential designation | 411(6353) 14 November 2001, 25(1) |
| 520 ## - SUMMARY, ETC. | |
| Summary, etc. | Discusses a common habit in the construction industry when parties will often start work on the strength of a letter of intent. When a binding contract has been drawn up and the conditions legally necessary have been agreed, the contract will apply between the parties to regulate their relationships back to the point when work first began. Looks at case law which involved works that started on the strength of a letter of intent which pre-dated the coming into force of the Construction Act 1996. Concentrates in particular on the case "Yarm Road Ltd v Costain Ltd". The issue in this case was not the retrospective operation of the contract, but the operation of a novation agreement. |
| 590 ## - LOCAL NOTE (RLIN) | |
| Local note | ABS |
| 650 ## - SUBJECT ADDED ENTRY--TOPICAL TERM | |
| Topical term or geographic name entry element | RETROSPECTIVE EFFECT |
| 650 ## - SUBJECT ADDED ENTRY--TOPICAL TERM | |
| Topical term or geographic name entry element | HOUSING GRANTS CONSTRUCTION AND REGENERATION ACT 1996 |
| 650 ## - SUBJECT ADDED ENTRY--TOPICAL TERM | |
| Topical term or geographic name entry element | TROLLOPE AND COLLS V ATOMIC POWER CONSTRUCTION |
| 650 ## - SUBJECT ADDED ENTRY--TOPICAL TERM | |
| Topical term or geographic name entry element | ATLAS CEILING AND PARTITION CO V CROWNGATE ESTATES (CHELTENHAM) |
| 650 ## - SUBJECT ADDED ENTRY--TOPICAL TERM | |
| Topical term or geographic name entry element | YARM ROAD LTD V COSTAIN LTD |
| 650 ## - SUBJECT ADDED ENTRY--TOPICAL TERM | |
| Topical term or geographic name entry element | CONSTRUCTION INDUSTRY |
| 690 ## - LOCAL SUBJECT ADDED ENTRY--TOPICAL TERM (OCLC, RLIN) | |
| Topical term or geographic name as entry element | BUILT ENVIRONMENT-BUILDING CONTRACT FORMS |
| 942 ## - ADDED ENTRY ELEMENTS (KOHA) | |
| Suppress in OPAC | 0 |
| Withdrawn status | Lost status | Source of classification or shelving scheme | Damaged status | Not for loan | Home library | Current library | Shelving location | Date acquired | Total Checkouts | Full call number | Barcode | Date last seen | Copy number | Price effective from | Koha item type |
|---|---|---|---|---|---|---|---|---|---|---|---|---|---|---|---|
| Dewey Decimal Classification | London | London | Journal article | 04/12/2001 | ABS64752 | 115831-1001 | 06/08/2019 | 1 | 06/08/2019 | Journal article |